LDR 00619naa#a2200181#i#450# 001 EN\\bibl\114630 005 20260602141057.2 011 ## _a2588-0209 100 ## _a20260227b2026####ek#y0engy0150####ca 102 ## _aRU 200 1# _aCADASTRAL VALUE OF AGRICULTURAL LAND PLOTS OF THE KRASNO-TURANSKY MUNICIPALITY OF KRASNOYARSK REGION _eJournal article 210 1# _aMoscow _cElectronic science _d2026 215 ## _a12 с. 608 ## _aJournal article _2local 675 ## _aЦена земли. Цена недвижимости. 332.74 _z 700 #1 _aBadmaeva _gSof'ya Erdynievna 700 #1 _aPotylitsyn _gDaniil Nikolaevich 856 4# _aqje.su _u